Les orchestres symphoniques et philarmoniques en France - Statistiques

Statistiques générales
  • Ce quiz a été pris 21 fois
  • Le résultat moyen est 19 sur 38
Statistiques - réponses
Fondé en Indice Nom % Correct
1967 75 / P Orchestre de {Paris}
100%
1983 69 / L Orchestre de l'opéra national de {Lyon}
94%
1905 69 / L Orchestre national de {Lyon}
94%
XVIIIe 31 / T Orchestre national du Capitole de {Toulouse}
89%
1976 59 / L Orchestre national de {Lille}
78%
1981 13 / M Orchestre philharmonique de {Marseille}
78%
1945 06 / N Orchestre philharmonique de {Nice}
78%
1974 IDF Orchestre national d'{Ile-de-France}
72%
1855 67 / S Orchestre philharmonique de {Strasbourg}
72%
1937 Orchestre de média Orchestre philharmonique {Radio-France}
72%
1981 Région NA Orchestre de chambre de {Nouvelle-Aquitaine}
67%
1976 Capitale Nancy / L Orchestre national de {Lorraine}
67%
1971 Région PDLL Orchestre national des {Pays-de-la-Loire}
67%
1975 06 / C Orchestre de {Cannes}
61%
1920 45 / O Orchestre symphonique d'{Orléans}
61%
1884 54 / N Orchestre symphonique et lyrique de {Nancy}
61%
1972 Capitale Amiens / P Orchestre de {Picardie}
56%
1991 Plus belle avenue du monde Orchestre des {Champs-Elysées}
56%
1979 34 / M Opéra orchestre national {Montpellier}
50%
1981 Régional / A Orchestre d'{Auvergne}
50%
1984 73 et 74 Orchestre des pays de {Savoie}
50%
1998 76 / R Orchestre de l'opéra de {Rouen}
44%
1989 Régional / B Orchestre national de {Bretagne}
44%
2000 10 Orchestre symphonique de l'{Aube}
44%
1967 68/M Orchestre symphonique de {Mulhouse}
39%
1994 Porte le nom d'un écrivain et d'une région / VH FC Orchestre {Victor Hugo} {Franche-Comté}
39%
1988 87 / L Orchestre de {Limoges} et du {Limousin}
33%
1982 Régional N Orchestre régional de {Normandie}
33%
1974 33 / B Région A Orchestre national {Bordeaux} {Aquitaine}
28%
1881 Porte le nom de son fondateur / L Concerts {Lamoureux}
22%
1987 42 / L Orchestre symphonique de {Saint-Etienne}
22%
1982 84 / A Région P Orchestre national {Avignon] {Provence}
17%
1944 33 / T Orchestre symphonique de {Talence}
17%
1873 Porte le nom de son fondateur / C Concerts {Colonne}
11%
1861 Porte le nom de son fondateur / P Concerts {Pasdeloup}
11%
1991 Spinosi est son fondateur / M Ensemble {Matheus}
11%
2002 64 / Région PDB Orchestre de {Pau} {Pays de Béarn}
6%
2002 Région CVD Orchestre symphonique Région Centre-Val de Loire
0%
Aucun quiz correspondant
Distribution des résultats
% des personnes avec chaque résultat
Percentile par nombre de réponses
Votre historique - résultats
Vous n’avez pas pris ce quiz